000 00491cam a22002054a 4500
005 20250605164250.0
008 250528s ||||||||||||||||||||||||d
035 _a21710
020 _a9780070715844
040 _aGR-AtMCL
_bgre
_dGR-AtMCL
_eAACR2
245 1 _aAMERICA'S POLITICAL SYSTEM
250 _a5
260 _bMcgraw Hill,
_c1991
300 _a618
700 1 _aBinstock Robert H.
_93173
700 1 _aWoll Peter
_93174
942 _cBK
999 _c6770
_d6770